000 00461nam a2200181Ia 4500
008 100917s9999 xx 000 0 und d
082 _b19073
100 _aकानिटकर भास्कर विनायक
245 _aशारदा
260 _b---
_c1823
300 _a58
365 _b0
520 _aचरित्र
630 _aशारदा
650 _aचरित्र
730 _aशारदा
942 _cBOOK
999 _c624467
_d624464